Some aspects of polaron theory

Uloženo v:
Podrobná bibliografie
Hlavní autor: Bogolubov, N. N. (Nikolaĭ Nikolaevich), 1909-1992
Médium: Kniha
Vydáno: World Scientific 1988
Tagy: Přidat tag
Žádné tagy, Buďte první, kdo otaguje tento záznam!
Thư viện lưu trữ: Mạng thư viện Đại học Đà Nẵng
LEADER 00602nam a2200229 a 4500
001 000030161
003 25662
005 20171030145630.0
008 171030s1988
040 |a LTT 
082 0 |a 530.41  |b BO-N 
100 1 |a Bogolubov, N. N. (Nikolaĭ Nikolaevich), 1909-1992 
245 0 0 |a Some aspects of polaron theory  |c N.N. Bogolubov, N.N. Bogolubov, Jr. 
260 |b World Scientific  |c 1988 
500 |a VSVN 
OWN |a LTT 
999 |a From the UDN01 
TYP |a Monograph 
TYP |a Printed language 
980 |a Mạng thư viện Đại học Đà Nẵng